000 00231nam a2200085Ia 4500
245 0 _aSouth of Broad : a novel
100 _a CONROY, Pat New York, [c.2009]
_9100782
942 _cBK
008 210818s9999 xx 000 0 und d
999 _c433931
_d433930